000 00436nam a2200169Ia 4500
008 230917s9999||||xx |||||||||||||| ||und||
020 _cRS1495
040 _e244380
_aMAIN
041 _aEnglish
082 _a588 J663T
100 _aJohri, R M
245 0 _aTextbook of bryophyta
260 _aNew Delhi
_bDominant Publishers
_c2017
300 _a324 p.
500 _a2996 27/12/2017 HBD18/7136 27/12/2017 Main Budget
942 _cBK
999 _c25208
_d25208